00941cpmaa2200265 a 4500001001300000003000400013005001700017008004100034010001700075040002400092072001200116100004100128245004700169300002400216506002200240520014400262545001800406546003600424580005700460610003600517650002800553651005000581656002700631999001700658mm 79002977 DLC20260227111641.0791120|||||||||||| eng  amm 79002977  aDLCcDLCedacsdDLC 7aN2lcmd1 aSmith, Charles Ferguson,d1807-1862.00aCharles Ferguson Smith papers,f1825-1862. a16foversize items.0 aOpen to research.8 aCommissions, death certificate, and other military papers of or pertaining to Smith including his service in the Mexican War and Civil War.0 aArmy officer. aCollection material in English. aForms part of: Miscellaneous Manuscripts collection.10aUnited States.bArmyxOfficers. 0aMexican War, 1846-1848. 0aUnited StatesxHistoryyCivil War, 1861-1865. 7aArmy officers.2itoamc c41185d41185